[Event "SVK Amateur-ch 2020"]
[Site "Topolcany"]
[Date "2020.07.13"]
[Round "4.13"]
[White "Moravcik, Rastislav"]
[Black "Kapolkova, Greta"]
[Result "1-0"]
[WhiteElo "1916"]
[BlackElo "1510"]
[Annotator "ChessBase"]
[PlyCount "49"]
[EventDate "2020.07.10"]
[EventType "swiss"]
[EventCountry "SVK"]
[TimeControl "3600+30"]

1. d4 {[%emt 0:00:00]} d5 {[%emt 0:00:00]} 2. e3 {[%emt 0:00:11]} c5 {[%emt 0:00:23]} 3. f4 {[%emt 0:01:21]} e6 {[%emt 0:01:07]} 4. c3 {[%emt 0:00:27]} Nf6 {[%emt 0:01:06]} 5. Nf3 {[%emt 0:00:13]} Nc6 {[%emt 0:00:23]} 6. Bd3 {[%emt 0:00:17]} b6 {[%emt 0:00:39]} 7. O-O {[%emt 0:00:17]} Be7 {[%emt 0:00:28]} 8. Ne5 {[%emt 0:01:41]} Nxe5 {[%emt 0:00:43]} 9. fxe5 {[%emt 0:00:19]} Nd7 {[%emt 0:00:23]} 10. Nd2 {[%emt 0:04:24]} O-O {[%emt 0:01:14]} 11. Nf3 {[%emt 0:08:41]} Bb7 {[%emt 0:01:22]} 12. Bd2 {[%emt 0:04:47]} Rc8 {[%emt 0:10:57]} 13. Be1 {[%emt 0:03:04]} Re8 {[%emt 0:01:23]} 14. Bg3 {[%emt 0:01:45]} Nf8 {[%emt 0:00:34]} 15. Qe2 {[%emt 0:01:58]} Ng6 {[%emt 0:00:35]} 16. Rad1 {[%emt 0:02:19]} Nh4 {[%emt 0:03:48]} 17. Bxh4 {[%emt 0:00:42]} Bxh4 {[%emt 0:00:18]} 18. Nxh4 {[%emt 0:00:45]} Qxh4 {[%emt 0:00:10]} 19. Rf3 {[%emt 0:03:06]} Rf8 {[%emt 0:01:55]} 20. Rh3 {[%emt 0:01:29]} Qe7 {[%emt 0:00:58]} 21. Bxh7+ {[%emt 0:04:35]} Kh8 {[%emt 0:00:26]} 22. Bg6+ {[%emt 0:00:39]} Kg8 {[%emt 0:00:26]} 23. Rh8+ {[%emt 0:00:52]} Kxh8 {[%emt 0:00:12]} 24. Qh5+ {[%emt 0:00:08]} Kg8 {[%emt 0:00:05]} 25. Qh7# {[%emt 0:00:12]} 1-0

[Event "SVK Amateur-ch 2020"]
[Site "Topolcany"]
[Date "2020.07.13"]
[Round "4.14"]
[White "Meszaros, Casey Ryan"]
[Black "Belus, Benjamin"]
[Result "0-1"]
[WhiteElo "1441"]
[BlackElo "1919"]
[Annotator "TA"]
[PlyCount "44"]
[EventDate "2020.07.10"]
[EventType "swiss"]
[EventCountry "SVK"]

{[%evp 10,44,27,34,23,-29,-27,-32,-45,-34,30,30,82,79,92,-31,9,-29,14,11,10,-106,-97,-111,-108,-117,-114,-141,-130,-151,-91,-129,-130,-160,-119,-105,-106]} 1. e4 c5 2. c3 Nc6 3. d4 cxd4 4. cxd4 d5 5. exd5 Qxd5 6. Nf3 Bg4 {B22: Sicilian: 2 c3.} 7. Be3 (7. Nc3 $142 Bxf3 8. Nxd5 Bxd1 9. Nc7+ {[%mdl 64] Double Attack} (9. Kxd1 O-O-O $17) 9... Kd7 10. Nxa8) 7... Bxf3 $11 8. Qxf3 Qxf3 {Black is slightly better.} 9. gxf3 {[#]} a6 $146 ({Black should play} 9... e6 $15) ({Predecessor:} 9... e6 10. Bb5 Bb4+ 11. Nc3 Nge7 12. a3 Ba5 13. b4 Bb6 14. Na4 O-O-O 15. Nxb6+ axb6 {0-1 (62) Brankovic,V (2108)-Simonovic,M (2219) Belgrade 2018}) 10. Nc3 Rd8 (10... g6 $11) 11. O-O-O $16 Nf6 {[#]} 12. Ne4 (12. d5 $1 $16 {[%cal Rd5c6]} Ne5 13. f4) 12... Nd5 13. Bc4 b5 14. Bxd5 Rxd5 15. Ng3 {[#]} (15. Kb1 $11) 15... g6 $1 $17 16. Rd2 Bg7 17. Rhd1 O-O 18. f4 Rfd8 19. Ne2 Na5 (19... e6 $142 20. h3 Ne7) 20. b3 Nc6 21. a3 Na5 22. Kb2 Rh5 {Accuracy: White = 42%, Black = 54%.} 0-1

[Event "SVK Amateur-ch 2020"]
[Site "Topolcany"]
[Date "2020.07.12"]
[Round "4.15"]
[White "Voros, Gellert"]
[Black "Kolesar, Peter"]
[Result "1-0"]
[WhiteElo "2197"]
[BlackElo "2002"]
[Annotator "TA"]
[PlyCount "67"]
[EventDate "2020.07.10"]
[EventType "swiss"]
[EventCountry "SVK"]
[SourceTitle "playchess.com"]
[Source "ChessBase"]
[SourceQuality "1"]

{[%evp 9,66,-12,3,0,21,-14,52,40,49,0,27,22,75,65,71,51,67,23,69,67,66,52,78,37,61,62,109,81,255,274,411,408,421,407,802,789,952,913,1243,1219,1645,1234,29993,29987,29987,29988,29987,29988,29989,29990,29992,29993,29995,29995,29997,29998,29998,29999,29999]} 1. d4 Nf6 2. Nc3 e6 3. Bf4 d5 4. e3 Be7 5. Nf3 c6 6. Bd3 {D00: 1 d4 d5: Unusual lines.} Nbd7 7. O-O Nf8 ({Black should play} 7... Nh5 $11) 8. e4 $14 {White is slightly better.} Ng6 9. Bg3 {[#]} (9. Bg5 {with more complications.} dxe4 10. Nxe4 O-O 11. Nxf6+ Bxf6 12. Bxf6 Qxf6 13. Be4) 9... dxe4 $146 ({Predecessor:} 9... Nh5 10. e5 Nxg3 11. fxg3 c5 12. h4 c4 13. Be2 Bd7 14. Qd2 Qb6 15. h5 Nf8 {1-0 (39) Goncalves,J (2007)-Belfort Mattos,J (1535) Sao Paulo 2015}) 10. Nxe4 O-O {[#]} (10... Nh5 $11) 11. Nxf6+ $1 $16 Bxf6 12. c3 b6 13. h4 Re8 14. Re1 Bb7 15. h5 Nf8 16. Qc2 Rc8 17. Rad1 $36 {[%mdl 2048] White fights for an advantage.} Re7 18. Ne5 Qe8 $2 {Black cannot hold the game after this.} (18... Bxe5 $16 19. Bxe5 (19. Rxe5 Rd7 $14) 19... Rd7) 19. Ng4 $18 c5 (19... Bg5 $142 20. f4 f5 21. fxg5 fxg4) 20. Nxf6+ gxf6 21. Bh4 cxd4 (21... c4 $142 22. Bxf6 cxd3) 22. Bxf6 {[%mdl 64] Double Attack} Rc5 23. Qe2 Rec7 24. cxd4 Ra5 25. b4 Ra3 26. Qg4+ {White mates.} Ng6 27. hxg6 fxg6 28. Rxe6 Qf7 29. Rde1 Rc8 30. Bc4 Kf8 31. Qg5 Bc6 32. Qh6+ Kg8 {[#]} 33. Re8+ $1 {[%mdl 576] Discovered Attack} Bxe8 34. Qg7# {[%mdl 64] Pin. Accuracy: White = 71%, Black = 20%.} 1-0

[Event "SVK Amateur-ch 2020"]
[Site "Topolcany"]
[Date "2020.07.13"]
[Round "4.15"]
[White "Pokrupa, Marek"]
[Black "Adda Peter"]
[Result "1-0"]
[WhiteElo "2187"]
[BlackElo "1000"]
[Annotator "ChessBase"]
[PlyCount "97"]
[EventDate "2020.07.10"]
[EventType "swiss"]
[EventCountry "SVK"]
[TimeControl "3600+30"]

1. c4 {[%emt 0:01:14]} c5 {[%emt 0:00:00]} 2. Nf3 {[%emt 0:00:44]} Nc6 {[%emt 0:00:00]} 3. Nc3 {[%emt 0:00:35]} g6 {[%emt 0:00:11]} 4. d4 {[%emt 0:01:43]} cxd4 {[%emt 0:00:50]} 5. Nxd4 {[%emt 0:00:04]} Bg7 {[%emt 0:00:14]} 6. Nc2 {[%emt 0:00:14]} Nf6 {[%emt 0:00:34]} 7. e4 {[%emt 0:00:13]} d6 {[%emt 0:00:15]} 8. Be2 {[%emt 0:00:08]} O-O {[%emt 0:00:27]} 9. O-O {[%emt 0:00:03]} b6 {[%emt 0:04:26]} 10. Bg5 {[%emt 0:01:33]} h6 {[%emt 0:01:33]} 11. Be3 {[%emt 0:00:12]} Bb7 {[%emt 0:00:20]} 12. Qd2 {[%emt 0:00:07]} Kh7 {[%emt 0:00:06]} 13. Rac1 {[%emt 0:04:24]} Rc8 {[%emt 0:02:57]} 14. b3 {[%emt 0:00:30]} Nd7 {[%emt 0:01:43]} 15. Rfd1 {[%emt 0:03:39]} Nc5 {[%emt 0:04:20]} 16. f3 {[%emt 0:00:35]} Qe8 {[%emt 0:11:48]} 17. Bf1 {[%emt 0:13:30]} Ne6 {[%emt 0:05:40]} 18. Nd5 {[%emt 0:00:40]} Nb8 {[%emt 0:02:58]} 19. Bf2 {[%emt 0:01:22]} Bxd5 {[%emt 0:02:19]} 20. exd5 {[%emt 0:01:44]} Nc5 {[%emt 0:03:54]} 21. Nd4 {[%emt 0:00:55]} Qd7 {[%emt 0:02:27]} 22. Rc2 {[%emt 0:05:42]} Bxd4 {[%emt 0:05:56]} 23. Qxd4 {[%emt 0:04:59]} Nb7 {[%emt 0:01:02]} 24. Re2 {[%emt 0:01:14]} e5 {[%emt 0:00:21]} 25. dxe6 {[%emt 0:00:33]} fxe6 {[%emt 0:00:09]} 26. Bg3 {[%emt 0:03:44]} Nc6 {[%emt 0:01:27]} 27. Qg4 {[%emt 0:01:24]} Rf6 {[%emt 0:02:57]} 28. Bh4 {[%emt 0:04:08]} Rf5 {[%emt 0:07:23]} 29. Bg3 {[%emt 0:02:51]} Re8 {[%emt 0:01:07]} 30. Red2 {[%emt 0:01:04]} Rd8 {[%emt 0:04:34]} 31. Bf4 {[%emt 0:06:01]} e5 {[%emt 0:00:38]} 32. Be3 {[%emt 0:00:11]} h5 {[%emt 0:01:22]} 33. Qh4 {[%emt 0:00:49]} Qe7 {[%emt 0:00:09]} 34. Qxe7+ {[%emt 0:02:33]} Nxe7 {[%emt 0:00:02]} 35. Bd3 {[%emt 0:00:04]} Rf7 {[%emt 0:00:27]} 36. Be4 {[%emt 0:00:03]} Nf5 {[%emt 0:00:57]} 37. Bf2 {[%emt 0:01:08]} Nc5 {[%emt 0:01:15]} 38. Bxf5 {[%emt 0:00:23]} gxf5 {[%emt 0:00:29]} 39. Rxd6 {[%emt 0:01:08]} Rdf8 {[%emt 0:00:12]} 40. Bxc5 {[%emt 0:00:23]} bxc5 {[%emt 0:00:07]} 41. R6d5 {[%emt 0:01:11]} e4 {[%emt 0:00:28]} 42. Rxc5 {[%emt 0:01:45]} exf3 {[%emt 0:00:24]} 43. gxf3 {[%emt 0:01:03]} Rg8+ {[%emt 0:00:11]} 44. Kf2 {[%emt 0:00:06]} Rfg7 {[%emt 0:00:36]} 45. Ke3 {[%emt 0:01:58]} Rf8 {[%emt 0:01:18]} 46. Kf4 {[%emt 0:00:32]} Rg2 {[%emt 0:00:09]} 47. Rd7+ {[%emt 0:00:09]} Kg6 {[%emt 0:00:37]} 48. Rc6+ {[%emt 0:00:28]} Rf6 {[%emt 0:00:07]} 49. Rcc7 {[%emt 0:00:13]} 1-0

[Event "SVK Amateur-ch 2020"]
[Site "Topolcany"]
[Date "2020.07.12"]
[Round "4.16"]
[White "Bango, Lukas"]
[Black "Juan Mas, Santiago"]
[Result "1-0"]
[WhiteElo "2153"]
[BlackElo "1983"]
[Annotator "TA"]
[PlyCount "61"]
[EventDate "2020.07.10"]
[EventType "swiss"]
[EventCountry "SVK"]
[SourceTitle "playchess.com"]
[Source "ChessBase"]
[SourceQuality "1"]

{[%evp 19,61,12,22,0,-4,-8,9,8,8,0,10,0,0,-63,47,31,57,57,75,64,70,77,73,67,63,62,62,63,93,97,118,101,99,93,88,69,525,522,521,516,1018,963,1179,1195]} 1. Nf3 d5 2. g3 Nf6 3. Bg2 c6 4. d3 g6 5. O-O Bg7 6. Nbd2 O-O 7. e4 Bg4 8. h3 Bxf3 9. Qxf3 Nbd7 10. Qe2 e5 11. b3 {A07: Réti Opening: New York and Capablanca Systems.} Re8 12. Bb2 Qc7 13. Rfe1 {[#] The position is equal.} Rad8 $146 ({Predecessor:} 13... a5 14. a3 dxe4 15. dxe4 Nc5 16. Rad1 b5 17. Qe3 Ne6 18. Nf3 Nd7 19. h4 Rad8 {1-0 (42) Rakhmanov,A (2595)-Alfaro Rojas,A (2270) San Jose 2013}) 14. a3 Nf8 15. exd5 Nxd5 16. c4 (16. Rab1 $11) 16... Nb6 (16... Nf4 $1 $15 17. gxf4 exf4) 17. c5 $14 Nbd7 18. b4 Ne6 19. Nc4 Rf8 20. Rad1 Nd4 21. Bxd4 exd4 22. Qe7 Qb8 23. Qd6 Qc8 {[#]} 24. Qf4 $1 b6 25. Nd6 Qc7 26. Re7 $36 {[%cal Re7f7][%mdl 2048] White is really pushing.} bxc5 {aiming for ...g5!} 27. bxc5 {Rb1 is the strong threat.} Qa5 $2 {[%mdl 8192] This move loses the game for Black.} ({Black should play} 27... Qb8 $1 $14) 28. Nb7 $18 {[%mdl 64] [#] Double Attack. White is clearly winning.} Qa4 29. Rde1 Rb8 (29... Nf6 $142 30. Nxd8 Rxd8) 30. Rxd7 Qa6 31. Ree7 {Accuracy: White = 88%, Black = 49%.} 1-0

[Event "SVK Amateur-ch 2020"]
[Site "Topolcany"]
[Date "2020.07.13"]
[Round "4.16"]
[White "Bodnar Zoltan"]
[Black "Mikula, Martin"]
[Result "1-0"]
[WhiteElo "2150"]
[BlackElo "1641"]
[Annotator "TA"]
[PlyCount "107"]
[EventDate "2020.07.10"]
[EventType "swiss"]
[EventCountry "SVK"]

{[%evp 9,107,17,23,15,44,44,40,0,10,10,35,0,0,-18,44,-6,52,0,38,41,49,6,29,21,23,27,38,-35,-10,-18,-22,-127,0,0,0,0,18,0,7,7,24,11,12,10,15,15,15,16,86,22,68,9,8,0,68,16,95,45,95,88,104,45,51,46,41,52,69,51,56,51,57,25,60,8,8,8,80,80,381,298,944,869,777,402,1814,1806,2110,2058,1825,1181,2016,1543,29972,29973,29973,29974,5410,5210,29989,29990]} 1. d4 e5 2. dxe5 Nc6 3. Nf3 Qe7 4. c4 Nxe5 5. Nxe5 Qxe5 6. Nc3 {A40: Unusual replies to 1 d4.} Bb4 7. Bd2 Nf6 8. e3 {White is slightly better.} (8. f3 {keeps more tension.} c6 9. e4 O-O 10. Qb3 Bc5 11. O-O-O) 8... O-O 9. a3 {And now f4 would win.} Be7 10. Be2 c6 {[#]} 11. f4 $146 ({Predecessor:} 11. O-O d5 12. cxd5 cxd5 13. Bf3 Be6 14. Rc1 Rfd8 15. Qe2 Ne4 16. Rfd1 Rac8 17. Be1 {1-0 (56) Aradhya,G (2159)-Kambli,D (1599) Thrissur 2014}) 11... Qc7 (11... Qe6 $11) 12. Rc1 a5 (12... Qb6 $11) 13. O-O (13. e4 $14) 13... Qb6 14. Na4 Qa7 15. Bf3 d5 16. cxd5 Nxd5 17. Bxd5 cxd5 18. Kh1 (18. Nc3 $14) 18... Bd7 19. Rc7 Rfd8 20. Qb3 (20. Bc3 $11 Qxe3 21. Be5 Bxa4 22. Qxa4) 20... Bxa4 ({Black should try} 20... Bd6 $17 21. Rcc1 Bc6) 21. Qxa4 $11 Bd6 22. Rd7 Qb6 23. Bc3 Rxd7 24. Qxd7 Rd8 25. Qg4 $40 {[%csl Gc3][%cal Rg4g7][%mdl 128] White has some attack.} Bf8 26. Bd4 Qe6 27. Qxe6 fxe6 {[%mdl 4096] Endgame KRB-KRB} 28. Rc1 Rd7 (28... Rd6 $11) 29. a4 (29. g4 $16) 29... Be7 30. Rc8+ (30. Bb6 $14) 30... Kf7 31. b3 Bd6 (31... Bf6 $11) 32. Bb6 (32. Ra8 $14) 32... Bb4 (32... d4 $11 {keeps the balance.}) 33. g3 Kf6 {[#]} 34. Kg2 $1 e5 35. fxe5+ (35. Kf3 $16) 35... Kxe5 $14 36. Kf3 Rf7+ 37. Ke2 Kf5 38. h3 h5 39. Rd8 Ke4 40. Re8+ Re7 41. Rxe7+ (41. Rf8 $14) 41... Bxe7 $11 42. Bxa5 $14 {KB-KB} Bc5 {[#]} (42... g6 $11 {remains equal.}) 43. Bd2 $1 $16 g5 $2 {[%mdl 8192] Black cannot hold the game after this.} (43... d4 $16) 44. g4 $18 h4 $2 (44... hxg4 45. hxg4 Bd6) 45. b4 {[%cal Bb3b4,Bb4b5,Bb5b6,Bb6b7][%mdl 32]} Ba7 46. b5 Bc5 (46... b6 $142 47. Bc3 Bb8) 47. a5 Ba7 48. b6 Bb8 49. Bc3 Bd6 50. Bf6 Bb4 51. a6 {[%mdl 64] Promotion} bxa6 52. b7 Bd6 53. Bxg5 a5 {[#]} 54. Bf4 $1 {[%mdl 512] Accuracy: White = 60%, Black = 44%.} 1-0

[Event "SVK Amateur-ch 2020"]
[Site "Topolcany"]
[Date "2020.07.13"]
[Round "4.17"]
[White "Bielik, Miroslav"]
[Black "Kostic, Ivan"]
[Result "1-0"]
[WhiteElo "2133"]
[BlackElo "1694"]
[Annotator "ChessBase"]
[PlyCount "81"]
[EventDate "2020.07.10"]
[EventType "swiss"]
[EventCountry "SVK"]
[TimeControl "3600+30"]

1. d4 {[%emt 0:00:00]} d5 {[%emt 0:00:00]} 2. Bf4 {[%emt 0:00:01]} e6 {[%emt 0:00:07]} 3. e3 {[%emt 0:00:03]} Nf6 {[%emt 0:00:19]} 4. Nf3 {[%emt 0:00:08]} c5 {[%emt 0:01:01]} 5. c3 {[%emt 0:00:04]} Nc6 {[%emt 0:00:36]} 6. Nbd2 {[%emt 0:00:10]} b6 {[%emt 0:01:15]} 7. Bb5 {[%emt 0:01:08]} Bd7 {[%emt 0:00:28]} 8. Ba6 {[%emt 0:00:15]} Bc8 {[%emt 0:00:53]} 9. Qa4 {[%emt 0:00:29]} Bxa6 {[%emt 0:02:51]} 10. Qxa6 {[%emt 0:00:58]} cxd4 {[%emt 0:03:15]} 11. cxd4 {[%emt 0:00:21]} Nb4 {[%emt 0:03:10]} 12. Qa4+ {[%emt 0:00:17]} Qd7 {[%emt 0:00:17]} 13. Qxd7+ {[%emt 0:01:01]} Nxd7 {[%emt 0:00:20]} 14. Ke2 {[%emt 0:00:08]} Be7 {[%emt 0:01:29]} 15. Rhc1 {[%emt 0:00:52]} Na6 {[%emt 0:03:43]} 16. a3 {[%emt 0:01:27]} O-O {[%emt 0:00:21]} 17. b4 {[%emt 0:00:09]} Rac8 {[%emt 0:03:01]} 18. b5 {[%emt 0:01:03]} Nab8 {[%emt 0:00:23]} 19. a4 {[%emt 0:00:29]} a6 {[%emt 0:02:53]} 20. Kd3 {[%emt 0:00:40]} Bb4 {[%emt 0:03:34]} 21. Rab1 {[%emt 0:01:37]} a5 {[%emt 0:00:26]} 22. Bc7 {[%emt 0:02:35]} Be7 {[%emt 0:02:46]} 23. Rc2 {[%emt 0:04:48]} Bd8 {[%emt 0:00:49]} 24. Rbc1 {[%emt 0:01:55]} Bxc7 {[%emt 0:00:36]} 25. Rxc7 {[%emt 0:00:01]} Rxc7 {[%emt 0:00:11]} 26. Rxc7 {[%emt 0:00:10]} Rd8 {[%emt 0:00:30]} 27. Rb7 {[%emt 0:00:53]} f6 {[%emt 0:02:28]} 28. e4 {[%emt 0:03:38]} Kf8 {[%emt 0:04:13]} 29. exd5 {[%emt 0:00:27]} exd5 {[%emt 0:00:20]} 30. Nb1 {[%emt 0:01:30]} Ke7 {[%emt 0:00:29]} 31. Nc3 {[%emt 0:00:09]} Kd6 {[%emt 0:00:59]} 32. Ne1 {[%emt 0:00:17]} f5 {[%emt 0:03:45]} 33. f4 {[%emt 0:01:42]} Rf8 {[%emt 0:05:20]} 34. Nc2 {[%emt 0:01:51]} h6 {[%emt 0:00:58]} 35. Ne3 {[%emt 0:00:12]} g5 {[%emt 0:01:12]} 36. g3 {[%emt 0:00:02]} gxf4 {[%emt 0:00:44]} 37. gxf4 {[%emt 0:00:02]} Rf6 {[%emt 0:11:21]} 38. Ncxd5 {[%emt 0:00:30]} Rg6 {[%emt 0:00:30]} 39. Nxf5+ {[%emt 0:00:30]} Ke6 {[%emt 0:00:30]} 40. Nfe3 {[%emt 0:00:07]} Rg8 {[%emt 0:00:43]} 41. Nxb6 {[%emt 0:00:35]} 1-0

[Event "SVK Amateur-ch 2020"]
[Site "Topolcany"]
[Date "2020.07.12"]
[Round "4.17"]
[White "Kucera, Michal"]
[Black "Viczencz, Peter"]
[Result "0-1"]
[WhiteElo "1978"]
[BlackElo "2190"]
[Annotator "TA"]
[PlyCount "154"]
[EventDate "2020.07.10"]
[EventType "swiss"]
[EventCountry "SVK"]
[SourceTitle "playchess.com"]
[Source "ChessBase"]
[SourceQuality "1"]

{[%evp 23,154,0,22,-11,17,-6,-12,-9,11,-14,0,0,15,9,15,31,65,12,231,21,77,71,267,266,254,277,262,252,237,98,118,92,107,3,18,0,22,27,64,72,57,39,30,41,49,50,147,149,199,190,221,213,249,221,236,229,203,0,0,0,7,7,14,7,12,9,23,0,8,0,8,0,0,0,0,0,0,0,9,8,14,13,14,11,15,0,0,0,0,0,16,0,0,0,22,0,20,13,13,0,11,3,3,3,3,-11,-11,-26,-26,-52,-52,-52,-52,-52,-52,-52,-52,-52,-52,-529,-522,-29968,-29967,-29964,-29966,-6416,-1279,-1279,-305,-29972,-29973,-29987,-29988]} 1. e4 c5 2. Nf3 e6 3. d4 cxd4 4. Nxd4 a6 5. Nc3 Qc7 6. Be2 Nf6 7. a3 Be7 8. O-O O-O 9. Kh1 d6 10. f4 Nbd7 {[%cal Bb8d7,Bd7b6,Bb6c4][%mdl 32]} 11. Bf3 Rb8 12. Be3 b5 13. Qe1 {B85: Sicilian Scheveningen: 6 Be2 a6, lines with early Be3.} Nb6 14. Rd1 Bb7 15. Bc1 {[#] The position is equal.} Rbc8 $146 ({Predecessor:} 15... Rfc8 16. Nde2 Ba8 17. Qg3 Nbd7 18. f5 exf5 19. exf5 Bxf3 20. Rxf3 b4 21. axb4 Rxb4 {½-½ (39) Mohsen,T-Angles d'Auriac,B Leipzig 1960}) 16. Qg3 Nc4 17. Rd3 Kh8 18. b3 Nb6 19. Bb2 Rg8 20. Rd2 (20. e5 $14 Nfd5 21. Be4 Nxf4 22. Qxf4 (22. Rxf4 dxe5 23. Rxf7 exd4 $18) 22... Bxe4 23. exd6 Bxg2+ 24. Kxg2 Bxd6 25. Qxf7) 20... Qc5 $2 (20... Rgf8 $11) 21. Rfd1 $2 (21. e5 $18 Nfd5 22. Ne4) 21... Rcd8 (21... Qc7 $11 {remains equal.}) 22. e5 $16 Nfd5 $2 (22... dxe5 $16 23. fxe5 Nfd5) 23. Ne4 $18 Qc7 24. exd6 Bxd6 25. Nxd6 Qxd6 26. Ne2 (26. Be4 $18 h6 27. Nf3) 26... Qe7 27. Be4 {Bxh7! is the strong threat.} f5 28. Bd3 $40 {[%mdl 128] White has some attack.} (28. Bf3 $16) 28... Nf6 29. Qf2 Nbd5 30. h3 b4 31. axb4 Nxb4 32. Ng3 Nxd3 33. Rxd3 Rxd3 34. Rxd3 Qc7 (34... Rd8 $14) 35. Be5 $16 Qc6 36. Rd6 Qc8 37. c4 Rd8 38. Qd4 Rxd6 39. Qxd6 {Threatens to win with Qe7.} Kg8 {[#]} 40. Qb8 $2 (40. Bxf6 $1 $18 gxf6 41. Nh5) 40... Qxb8 $11 41. Bxb8 {[%mdl 4096] Endgame KBN-KBN} Kf7 42. Kg1 Ke7 43. Kf2 Nd7 44. Ba7 Kd6 45. Bd4 g6 46. Ne2 Nc5 47. Be5+ Kd7 48. Nd4 Nd3+ 49. Kf1 g5 50. g3 gxf4 51. gxf4 h5 52. h4 a5 ({But not} 52... Nxe5 $6 53. fxe5 a5 54. Ke2 $16) 53. Ke2 Be4 54. Ke3 Ne1 55. Kf2 Ng2 56. Kg3 Bb7 57. Bb8 Ne3 58. Kf2 Nd1+ (58... Ng2 {is interesting.} 59. Kg3) 59. Ke1 Nc3 60. Be5 Ne4 61. Bb8 Ba6 62. Ba7 a4 63. bxa4 Bxc4 64. Bb8 Nc5 65. a5 Nb7 66. Ne2 Bxe2 67. Kxe2 {Black must now prevent a6.} Nxa5 $15 {Hoping for ...Nc6. KB-KN} 68. Be5 Nc4 69. Bc3 Kc6 70. Kd3 Kd5 71. Bf6 $2 {[%mdl 8192] [#]} ({Better is} 71. Bd4 $15) 71... e5 $1 $19 72. fxe5 Nxe5+ 73. Ke2 Ke4 74. Bd8 f4 (74... Nf3 $142 75. Bc7 Nxh4) 75. Kf2 Ng4+ $2 (75... Nd3+ 76. Ke2 Ne5) 76. Kf1 $2 (76. Ke2 $19) 76... Kf3 77. Kg1 Ke2 {Both players deserved the win here. Accuracy: White = 68%, Black = 76%.} 0-1

[Event "SVK Amateur-ch 2020"]
[Site "Topolcany"]
[Date "2020.07.12"]
[Round "4.18"]
[White "Macko, Michal"]
[Black "Nikel, Rastislav"]
[Result "1-0"]
[WhiteElo "2145"]
[BlackElo "1982"]
[Annotator "ChessBase"]
[PlyCount "73"]
[EventDate "2020.07.10"]
[EventType "swiss"]
[EventCountry "SVK"]
[SourceTitle "playchess.com"]
[Source "ChessBase"]
[SourceQuality "1"]
[TimeControl "3600+30"]

1. c4 {[%emt 0:00:00]} c6 {[%emt 0:00:00]} 2. e4 {[%emt 0:00:30]} d5 {[%emt 0:00:00]} 3. exd5 {[%emt 0:00:12]} cxd5 {[%emt 0:00:03]} 4. cxd5 {[%emt 0:00:03]} Nf6 {[%emt 0:00:19]} 5. Nc3 {[%emt 0:00:04]} Nxd5 {[%emt 0:00:26]} 6. Bc4 {[%emt 0:04:35]} e6 {[%emt 0:01:06]} 7. Nf3 {[%emt 0:02:05]} Be7 {[%emt 0:01:12]} 8. O-O {[%emt 0:00:12]} Nxc3 {[%emt 0:00:17]} 9. bxc3 {[%emt 0:00:22]} Nc6 {[%emt 0:00:10]} 10. Qe2 {[%emt 0:04:44]} O-O {[%emt 0:00:27]} 11. d4 {[%emt 0:00:05]} Qa5 {[%emt 0:03:50]} 12. Bd2 {[%emt 0:01:07]} Bf6 {[%emt 0:00:14]} 13. Rab1 {[%emt 0:03:41]} a6 {[%emt 0:10:49]} 14. Rfe1 {[%emt 0:01:03]} b5 {[%emt 0:02:07]} 15. Bd3 {[%emt 0:00:06]} Bd7 {[%emt 0:03:29]} 16. Qe4 {[%emt 0:00:44]} g6 {[%emt 0:00:16]} 17. Re2 {[%emt 0:05:28]} Rfe8 {[%emt 0:10:36]} 18. Qf4 {[%emt 0:01:37]} Qd8 {[%emt 0:00:53]} 19. Rbe1 {[%emt 0:00:49]} b4 {[%emt 0:02:27]} 20. c4 {[%emt 0:01:19]} Nxd4 {[%emt 0:02:09]} 21. Nxd4 {[%emt 0:00:04]} e5 {[%emt 0:00:14]} 22. Qf3 {[%emt 0:00:14]} exd4 {[%emt 0:00:28]} 23. Rxe8+ {[%emt 0:00:10]} Bxe8 {[%emt 0:00:18]} 24. Rxe8+ {[%emt 0:00:35]} Qxe8 {[%emt 0:00:16]} 25. Qxf6 {[%emt 0:00:04]} Qd8 {[%emt 0:01:31]} 26. Qf3 {[%emt 0:00:34]} a5 {[%emt 0:00:38]} 27. Be4 {[%emt 0:00:09]} Rc8 {[%emt 0:01:33]} 28. Bd5 {[%emt 0:00:07]} Qe7 {[%emt 0:00:48]} 29. g3 {[%emt 0:02:13]} Kg7 {[%emt 0:05:01]} 30. Qf4 {[%emt 0:00:16]} a4 {[%emt 0:01:10]} 31. Qxd4+ {[%emt 0:00:11]} f6 {[%emt 0:00:15]} 32. Qb6 {[%emt 0:00:47]} b3 {[%emt 0:00:45]} 33. axb3 {[%emt 0:00:19]} a3 {[%emt 0:00:55]} 34. Bb4 {[%emt 0:00:46]} a2 {[%emt 0:02:36]} 35. Bxe7 {[%emt 0:00:09]} a1=Q+ {[%emt 0:00:10]} 36. Kg2 {[%emt 0:00:03]} Re8 {[%emt 0:00:16]} 37. Qe6 {[%emt 0:00:14]} 1-0